000 00536nam a2200181Ia 4500
001 9449
005 20260306161719.0
008 260306t2013||||xx |||||||||||||| ||spa||
041 _aESP
082 _a379
_bI59D
100 _aInstituto Peruano de Evaluación, Acreditación y Certificación de la Calidad de la Educación Básica
_eAUT
245 0 _aCiudadanía y ciencias sociales ¿cómo abordar los estándares de aprendizaje?
260 _c2013
300 _a
_c
650 _aGEN
654 _aCED
942 _cLIB
_dJUS
_fJUS
_2ddc
_n
999 _c9449
_d9449